Responses for show #8447 - Tuesday, July 20, 2021

Champion's winnings & consolation amounts matched to Be The Match.

Contestants

[<< previous game]

Darwin Fu, a data scientist from Nashville, Tennessee

Grace deVuono, a writer from North Hollywood, California

Josh Saak, a traffic engineer from Boise, Idaho (whose 2-day cash winnings total $46,800)

[next game >>]

Jeopardy! Round responses

1876
HOMONYMS
INTERNET BUSINESSES
GEOGRAPHY
A BORING CATEGORY
WE NEED NEW YOGI BEARS
(Robin: The way Yogi Berra became Yogi Bear; these should be new cartoon characters.)
    $200 12
Colorado

Josh
    $200 5
bowl

Darwin
    $200 20
Amazon

Grace
    $200 22
the Thames

Josh
    $200 27
Black+Decker

Grace
    $200 3
Mark Buffalo

Grace
    $400 1
(Josh: [After Robin's explanation of the WE NEED NEW YOGI BEARS category] Okay, not that one.)
[Laughter]

Johns Hopkins

Josh
    $400 2
wake

Grace
    $400 21
SiriusXM

Josh
    $400 13
the Congo

Grace
    $400 23
a beetle

Josh
    $400 4
Brad Parrot

Triple Stumper
    $600 9
Little Bighorn

Josh
    $600 8
bank

Josh
    $600 24
Priceline

Grace
    $600 7
(Josh: What is Monaco?)
(Darwin: What is Liechtenstein?)

Vatican City

JoshGraceDarwin
    $600 28
Daniel Day-Lewis

Grace
    $600 14
Jason Beagle

Josh
    $800 10
Deadwood

Grace
    $800 11
a reel

Josh
    $800 25
Yahoo!

Darwin
    $800 6
the Gobi

Darwin
    $800 29
a root canal

Darwin
    $800 18
Timothy Elephant

Grace
    $1000 15
Gray

Josh
    $1000 17
a jag

Grace
    $1000 26
(Darwin: What is Nolo?)

legalzoom.com

Darwin
Triple Stumper
    $2,400 16
(Josh: What are... the Balearics?)

Majorca & Minorca

Josh
    $1000 30
(Darwin: What is a borer?)

an auger

Darwin
Triple Stumper
    $1000 19
Starling K. Brown

Triple Stumper

Scores at the first commercial break (after clue 15):

Josh Grace Darwin
$3,600 $2,400 $400

Scores at the end of the Jeopardy! Round:

Josh Grace Darwin
$2,200 $5,800 $0

Double Jeopardy! Round responses

POETRY
TV SHOW EPISODE TITLES
AMERICAN NICKNAMES
PARTS OF THE OCEANS
3 OF THE SAME CONSONANTS
COMPOSERS, PAINTERS & SCIENTISTS
    $400 29
(Josh: Who is Lord Byron?)
(Darwin: Who is Yeats?)

Percy Bysshe Shelley

JoshDarwin
Triple Stumper
    $400 2
Gilmore Girls

Josh
    $400 17
Bill Clinton

Josh
    $400 24
photosynthesis

Josh
    $400 20
liftoff

Josh
    $400 13
the peanut

Josh
    $800 1
Sappho

Grace
    $800 5
Mad Men

Josh
    $800 10
Daniel Webster

Darwin
    $800 19
the Atlantic

Josh
    $800 14
gullible

Darwin
    $800 3
Vivaldi

Josh
    $1200 18
(Josh: What are scarecrows?)

Hollow Men

Josh
Triple Stumper
    $1200 7
How I Met Your Mother

Darwin
    $2,000 11
(Darwin: Who is Mark Twain?)

Jack London

Darwin
    $1200 16
trenches

Josh
    $1200 15
(Grace: Ah.)

a corridor

Grace
Triple Stumper
    $1200 6
Galileo

Grace
    $1600 25
Sandburg

Josh
    $1600 9
[Josh did not include the article in his response.]

The Golden Girls

Josh
    $1600 12
Louisiana

Josh
    $2,600 21
the Indian Ocean

Josh
    $1600 26
tantamount

Grace
    $1600 4
minimalism

Grace
    $2000 30
Death be not proud

Triple Stumper
    $2000 27
Watchmen

Triple Stumper
    $2000 22
Lead Belly

Triple Stumper
    $2000 23
the estuary

Darwin
    $2000 28
a baobab

Josh
    $2000 8
Copland

Josh

Scores at the end of the Double Jeopardy! Round:

Josh Grace Darwin
$17,600 $9,800 $2,400

[wagering suggestions for these scores]

Final Jeopardy! Round responses

THE 20th CENTURY
(Robin: [To Darwin] 1945 conference of FDR, Stalin and Churchill to plan final defeat and occupation of Nazi Germany.)
DarwinWhat is Yalta?
$0
GraceWhat is Tehran?
$9,800
JoshWhat is Yalta?
$2,005
Yalta

Final scores:

Josh Grace Darwin
$19,605 $0 $2,400
3-day champion: $66,405 3rd place: $1,000 2nd place: $2,000

Game dynamics:

Coryat scores:

Josh Grace Darwin
$19,000 $9,800 $4,400
25 R
(including 1 DD),
4 W
(including 1 DD)
15 R,
1 W
8 R,
5 W
(including 1 DD)

Combined Coryat: $33,200

The J! Archive is created by fans, for fans. The Jeopardy! game show and all elements thereof, including but not limited to copyright and trademark thereto, are the property of Jeopardy Productions, Inc. and are protected under law. This website is not affiliated with, sponsored by, or operated by Jeopardy Productions, Inc. Join the discussion at JBoard.tv.